Je tu karneval

Bibliographic Details
Main Author: Čobej, Alojz, 1935-2020 (tex)
Other Authors: Součková, Jitka (Illustrator)
Format: Article
Language:Slovak
PhysicalDescription:Ilustr., noty
Subjects:

MARC

LEADER 00000nab a2200000 a 4500
001 vtls000649736
003 SK-MaSNL
005 20260303174549.0
008 160314c1998 xo 0 slo
015 |a SNBRA1998/02-02907 
035 |a CLN000001931 
040 |a SNKBUCL  |b slo  |c SNKBUCL  |e AACR2 
041 0 |a slo 
044 |a xo  |c SK 
080 |a 885.4-1(087.5)  |2 UDC-MRF-SK2 
080 |a 784.67  |2 UDC-MRF-SK2 
100 1 |a Čobej, Alojz,  |d 1935-2020  |4 tex  |9 205070 
245 1 0 |a Je tu karneval  |c text a hudba Alojz Čobej ; ilustrovala Jitka Součková 
300 |b Ilustr., noty 
650 0 7 |a literatúra slovenská  |x piesne pre deti  |2 snkbucl  |9 1202238 
650 0 7 |a detské piesne  |2 snkbucl  |9 3415 
700 1 |a Součková, Jitka  |4 ill  |9 10911 
773 0 |t Včielka  |g Roč. 40, č. 6 (1998), s. 16 
850 |a Slovenská národná knižnica v Martine 
852 |a SNK  |b KIS3GCP 
958 |a LX 
958 |a SK 
958 |a RBX 
999 |c 2097439  |d 2099369